[Event "Asia-ch Amateur"]
[Site "Muscat"]
[Date "2022.10.04"]
[Round "8"]
[White "Kloub, M."]
[Black "Al Zadjali, Abdul Rahman"]
[Result "0-1"]
[WhiteElo "1687"]
[BlackElo "1534"]
[PlyCount "62"]
[EventDate "2022.09.29"]
[EventType "swiss"]
[EventRounds "9"]
[EventCountry "OMN"]
[SourceTitle "CBM 210 Extra"]
[Source "ChessBase"]
[SourceDate "2022.11.30"]
[SourceVersion "1"]
[SourceVersionDate "2022.11.30"]
[SourceQuality "1"]

1. d4 Nf6 2. c4 c5 3. d5 e5 4. dxe6 fxe6 5. g3 Be7 6. Bg2 0-0 7. Nf3 Nc6 8. Nc3 d5 9. cxd5 exd5 10. e3 Kh8 11. 0-0 a6 12. a3 Be6 13. Qc2 Qc7 14. Rd1 Bg8 15. Nh4 d4 16. exd4 Nxd4 17. Qd3 Ng4 18. Bf4 Rxf4 19. Ng6+ hxg6 20. gxf4 Qxf4 21. Qh3+ Bh7 22. Qg3 g5 23. h3 Qxg3 24. fxg3 Ne3 25. Re1 Ndc2 26. Rac1 Bf6 27. Re2 Bd3 28. Rd2 c4 29. Be4 Bxc3 30. Rxd3 cxd3 31. bxc3 d2 0-1

[Event "OMA-ch"]
[Site "Muscat"]
[Date "2022.02.13"]
[Round "5"]
[White "Al Zadjali, Abdul Rahman"]
[Black "Al Hinai, Qusay"]
[Result "1-0"]
[WhiteElo "1855"]
[BlackElo "1126"]
[PlyCount "93"]
[EventDate "2022.02.10"]
[EventType "swiss"]
[EventRounds "9"]
[EventCountry "OMN"]
[SourceTitle "EXT 2023"]
[Source "ChessBase"]
[SourceDate "2022.10.05"]
[SourceVersion "1"]
[SourceVersionDate "2022.10.05"]
[SourceQuality "1"]

1. d4 d5 2. c4 e6 3. Nc3 Nf6 4. cxd5 exd5 5. Bg5 Be7 6. e3 Nc6 7. Bd3 h6 8. Bf4 Be6 9. Nge2 0-0 10. h3 a6 11. g4 Bd6 12. Rg1 Nb4 13. Bb1 c5 14. a3 Nc6 15. g5 hxg5 16. Bxg5 cxd4 17. exd4 Re8 18. Qd3 Kf8 19. Bc2 g6 20. Bh6+ Ke7 21. 0-0-0 Kd7 22. Bg5 Be7 23. Qf3 Kc8 24. Nf4 Rg8 25. Nxe6 fxe6 26. Bxf6 Bxf6 27. Qe3 Qe8 28. Ne2 g5 29. Kb1 Kd7 30. Qb3 b5 31. a4 Rb8 32. Bd3 Na5 33. Qb4 Nc4 34. Bxc4 bxc4 35. Qa5 Qg6+ 36. Ka1 Rxb2 37. Kxb2 Rb8+ 38. Ka1 Qc2 39. Rd2 Qb3 40. Qc3 Qxa4+ 41. Ra2 Qc6 42. Rb1 Rxb1+ 43. Kxb1 Qb5+ 44. Qb2 Qc6 45. Qb8 Bd8 46. Qa7+ Bc7 47. Qxa6 1-0

[Event "OMA-ch"]
[Site "Muscat"]
[Date "2021.09.27"]
[Round "7"]
[White "Al Zadjali, Abdul Rahman"]
[Black "Al Amri, Mohmmed Ali"]
[Result "1-0"]
[WhiteElo "1594"]
[BlackElo "1772"]
[PlyCount "95"]
[EventDate "2021.09.22"]
[EventType "swiss"]
[EventRounds "9"]
[EventCountry "OMN"]
[SourceTitle "EXT 2023"]
[Source "ChessBase"]
[SourceDate "2022.10.05"]
[SourceVersion "1"]
[SourceVersionDate "2022.10.05"]
[SourceQuality "1"]

1. d4 c5 2. d5 e5 3. c4 d6 4. Nc3 Be7 5. e4 Nf6 6. f3 a6 7. Be3 Nbd7 8. Qd2 Nf8 9. a3 Bd7 10. Bxc5 dxc5 11. d6 Ne6 12. dxe7 Qxe7 13. Nge2 Rd8 14. Nd5 Nxd5 15. cxd5 Nd4 16. Nxd4 cxd4 17. Bc4 0-0 18. 0-0 Kh8 19. f4 f6 20. f5 g6 21. g4 Rc8 22. Ba2 Kg7 23. Rf3 g5 24. h4 h6 25. Kg2 Qd6 26. Rh1 Rh8 27. Rfh3 Qc5 28. Bb3 Bb5 29. Kg3 d3 30. a4 Bc4 31. Rc1 Qd4 32. Rxc4 Rxc4 33. Bxc4 Qxc4 34. hxg5 fxg5 35. Kf3 Rc8 36. f6+ Kg6 37. Qh2 Rh8 38. Qxe5 Qc8 39. d6 d2 40. Qf5+ Qxf5+ 41. exf5+ Kxf6 42. Ke2 Ke5 43. Rd3 Rd8 44. d7 h5 45. gxh5 Kxf5 46. Rxd2 g4 47. Kf2 Kg5 48. Rd5+ 1-0